| 000 | 00735nam a2200265Ia 4500 | ||
|---|---|---|---|
| 001 | 276 | ||
| 005 | 20240113233408.0 | ||
| 007 | ta | ||
| 008 | 050107s1993 g b000 u u | ||
| 040 | _aStack | ||
| 082 |
_a891.49928B _bNa 164 Mc |
||
| 100 | _aNarzary, Dimbeswar . | ||
| 245 | 0 |
_aSatish Chandra Basumatary / _cDimbeswar Narzary. _hTextual Documents |
|
| 250 | _a2nd ed / | ||
| 260 |
_aKokrajhar(Assam) : _bBodo publication Board , _c1993. |
||
| 300 |
_a16p. ; _c22cm.. |
||
| 500 | _aThis book is written in Bodo language on life history of Satish Ch. Basumatary | ||
| 653 | _aBiography | ||
| 942 |
_2ddc _cBK |
||
| 999 |
_c276 _d276 |
||